[Event "Warsaw YMCA Autumn-B 97th"]
[Site "Warsaw"]
[Date "2011.11.23"]
[Round "10"]
[White "Jozwik, Jacek"]
[Black "Szefer, Michal"]
[Result "0-1"]
[WhiteElo "1998"]
[BlackElo "2041"]
[PlyCount "98"]
[EventDate "2011.09.21"]
[EventType "tourn"]
[EventRounds "11"]
[EventCountry "POL"]
[SourceTitle "EXT 2014"]
[Source "ChessBase"]
[SourceDate "2013.11.20"]
[SourceVersion "1"]
[SourceVersionDate "2013.11.20"]
[SourceQuality "1"]

1. d4 g6 2. e4 Bg7 3. Nc3 c5 4. Nf3 cxd4 5. Nxd4 Nc6 6. Be3 Qa5 7. Be2 Nf6 8. 0-0 0-0 9. a3 d6 10. Nb3 Qd8 11. f3 Be6 12. Nd5 Qd7 13. c4 Bxd5 14. cxd5 Ne5 15. Nd4 Rfc8 16. Qb3 a6 17. Rfc1 Rxc1+ 18. Rxc1 Rc8 19. Rc3 Ne8 20. Qc2 Rxc3 21. Qxc3 Qc7 22. Qxc7 Nxc7 23. Kf2 h5 24. Ke1 Kf8 25. Kd2 e6 26. dxe6 fxe6 27. h3 Ke7 28. Nb3 Nc6 29. Kc2 Kd7 30. f4 d5 31. e5 Ne7 32. Nd4 Nf5 33. Bf2 Bh6 34. Nxf5 exf5 35. Be3 Ne6 36. g3 h4 37. gxh4 Bxf4 38. Bxf4 Nxf4 39. Bf3 Ke6 40. Kc3 Kxe5 41. a4 a5 42. b4 b6 43. bxa5 bxa5 44. Bd1 Nxh3 45. h5 gxh5 46. Bxh5 Ke4 47. Kd2 Nf4 48. Be8 Ne6 49. Bc6 f4 0-1

[Event "Warsaw YMCA Autumn-B 97th"]
[Site "Warsaw"]
[Date "2011.10.26"]
[Round "6"]
[White "Sielicki, Tomasz"]
[Black "Jozwik, Jacek"]
[Result "0-1"]
[WhiteElo "2022"]
[BlackElo "1998"]
[PlyCount "96"]
[EventDate "2011.09.21"]
[EventType "tourn"]
[EventRounds "11"]
[EventCountry "POL"]
[SourceTitle "EXT 2014"]
[Source "ChessBase"]
[SourceDate "2013.11.20"]
[SourceVersion "1"]
[SourceVersionDate "2013.11.20"]
[SourceQuality "1"]

1. d4 d5 2. Bg5 g6 3. Nd2 Bg7 4. c3 Nf6 5. Ngf3 Nbd7 6. e3 h6 7. Bh4 g5 8. Bg3 Nh5 9. Be5 Nxe5 10. Nxe5 Nf6 11. Bd3 c6 12. 0-0 Qb6 13. Rb1 h5 14. c4 Ng4 15. Ndf3 Nxe5 16. Nxe5 Bxe5 17. dxe5 Be6 18. Qc2 dxc4 19. Bxc4 Qc5 20. Rfc1 Qxe5 21. Bxe6 Qxe6 22. b4 0-0 23. Qe2 Qg6 24. b5 Rac8 25. h4 g4 26. a4 Rfd8 27. Rb2 c5 28. Rd2 Rxd2 29. Qxd2 Qe6 30. e4 Qe5 31. Qd7 Rc7 32. Qd8+ Kg7 33. Rd1 g3 34. fxg3 Qxg3 35. Rd3 Qe1+ 36. Kh2 Qxh4+ 37. Rh3 Qf4+ 38. Rg3+ Kf6 39. Kh3 Qe5 40. Rd3 c4 41. Rd5 Qxe4 42. Rd6+ Kg7 43. Rd5 Qe6+ 44. Kh2 Rc8 45. Rg5+ Kf6 46. Qd2 Qd6+ 47. Qxd6+ exd6 48. Rd5 Ke6 0-1

[Event "Warsaw YMCA Autumn-B 97th"]
[Site "Warsaw"]
[Date "2011.10.19"]
[Round "5"]
[White "Jozwik, Jacek"]
[Black "Rzepecka, Dorota"]
[Result "1/2-1/2"]
[WhiteElo "1998"]
[BlackElo "1897"]
[PlyCount "83"]
[EventDate "2011.09.21"]
[EventType "tourn"]
[EventRounds "11"]
[EventCountry "POL"]
[SourceTitle "EXT 2014"]
[Source "ChessBase"]
[SourceDate "2013.11.20"]
[SourceVersion "1"]
[SourceVersionDate "2013.11.20"]
[SourceQuality "1"]

1. Nf3 Nf6 2. c4 g6 3. b3 Bg7 4. Bb2 0-0 5. g3 e6 6. Bg2 d5 7. 0-0 b6 8. d4 Bb7 9. Ne5 Nbd7 10. Nc3 c5 11. Nxd7 Qxd7 12. dxc5 bxc5 13. cxd5 exd5 14. Qc2 Rac8 15. Rad1 d4 16. Ne4 Bxe4 17. Bxe4 Nxe4 18. Qxe4 Rfe8 19. Qd3 Qg4 20. Rfe1 h5 21. f3 Qh3 22. e4 dxe3 23. Bxg7 Kxg7 24. Rxe3 Rxe3 25. Qxe3 Qf5 26. Rc1 Qd5 27. Kf2 Rc6 28. Rc4 Re6 29. Qc3+ Kh7 30. Rxc5 Qd1 31. Re5 Qh1 32. Rxe6 Qxh2+ 33. Kf1 fxe6 34. Qc7+ Kh6 35. Qxa7 Qxg3 36. Qe3+ Kg7 37. Qf2 Qe5 38. a4 Qc3 39. Kg2 Qxb3 40. Qd4+ Kf7 41. Qd7+ Kf6 42. Qd8+ 1/2-1/2

[Event "Warsaw YMCA Autumn-B 97th"]
[Site "Warsaw"]
[Date "2011.09.21"]
[Round "1"]
[White "Jozwik, Jacek"]
[Black "Rusin, Ryszard"]
[Result "1/2-1/2"]
[WhiteElo "1998"]
[BlackElo "1859"]
[PlyCount "143"]
[EventDate "2011.09.21"]
[EventType "tourn"]
[EventRounds "11"]
[EventCountry "POL"]
[SourceTitle "EXT 2014"]
[Source "ChessBase"]
[SourceDate "2013.11.20"]
[SourceVersion "1"]
[SourceVersionDate "2013.11.20"]
[SourceQuality "1"]

1. d4 d5 2. Nf3 Nf6 3. c4 c6 4. Nc3 e6 5. e3 Be7 6. Bd3 Nbd7 7. 0-0 0-0 8. b3 a6 9. Bb2 dxc4 10. bxc4 Qa5 11. e4 e5 12. d5 Rd8 13. Qd2 Qc7 14. Ne2 Bd6 15. Ng3 Nc5 16. h3 Na4 17. Bc1 b5 18. Qc2 Nc5 19. Bg5 Be7 20. Rfd1 bxc4 21. Bxc4 cxd5 22. Bxf6 dxc4 23. Bxe5 Bd6 24. Bxd6 Rxd6 25. Rxd6 Qxd6 26. Rd1 Qe7 27. Qxc4 Be6 28. Qc2 g6 29. Nd4 Bd7 30. f3 Rc8 31. Nge2 Ba4 32. Nb3 Qb7 33. Rc1 Qb6 34. Kh1 Rc6 35. Ned4 Nxb3 36. Nxc6 Nxc1 37. Qxa4 Ne2 38. Ne7+ Kf8 39. Qd1 Ng3+ 40. Kh2 Qb8 41. Nc6 Nf1+ 42. Kg1 Qb6+ 43. Kxf1 Qxc6 44. Qd8+ Kg7 45. Qd4+ Kg8 46. a4 Qc2 47. e5 h5 48. h4 Kf8 49. Qd8+ Kg7 50. Qf6+ Kg8 51. Qxa6 Qc1+ 52. Kf2 Qb2+ 53. Qe2 Qd4+ 54. Kf1 Qxa4 55. g3 Qd7 56. Kg2 Qe6 57. Qe4 Kg7 58. g4 hxg4 59. fxg4 Qa2+ 60. Kg3 Qb3+ 61. Kf4 Qb6 62. Qe3 Qb4+ 63. Kg3 Qe7 64. Qc3 Kh6 65. Qe3+ Kg7 66. g5 Qe6 67. Qc3 Kh7 68. Qd4 Qb3+ 69. Kf4 Qh3 70. Qf2 Qf5+ 71. Kg3 Qxe5+ 72. Kh3 1/2-1/2

[Event "Warsaw YMCA Winter-A 86th"]
[Site "Warsaw"]
[Date "2011.02.17"]
[Round "7"]
[White "Olejarczyk, Bogdan"]
[Black "Jozwik, Jacek"]
[Result "1/2-1/2"]
[WhiteElo "2104"]
[BlackElo "2050"]
[PlyCount "112"]
[EventDate "2011.01.06"]
[EventType "tourn"]
[EventRounds "13"]
[EventCountry "POL"]
[SourceTitle "EXT 2019"]
[Source "ChessBase"]
[SourceDate "2018.10.10"]
[SourceVersion "1"]
[SourceVersionDate "2018.10.10"]
[SourceQuality "1"]

1. d4 Nf6 2. Nf3 g6 3. Bf4 Bg7 4. e3 d6 5. h3 0-0 6. Be2 Nbd7 7. 0-0 Re8 8. c3 b6 9. a4 Bb7 10. Nbd2 e5 11. dxe5 dxe5 12. Bh2 Qe7 13. Qc2 e4 14. Nd4 Ne5 15. Nc4 Nfd7 16. Nxe5 Nxe5 17. Bb5 Rf8 18. Rfd1 a6 19. Bxe5 Qxe5 20. Bc4 Bh6 21. Ne2 b5 22. axb5 axb5 23. Rxa8 Bxa8 24. Ba2 c5 25. Qd2 Bg5 26. Qd7 c4 27. Rd4 Kg7 28. b3 cxb3 29. Bxb3 Be7 30. Nf4 Qc5 31. Nd5 Bf6 32. Nxf6 Kxf6 33. Qd6+ Qxd6 34. Rxd6+ Kg7 35. Rb6 Rc8 36. Rxb5 Rxc3 37. g4 h6 38. Kg2 Bc6 39. Rb4 Rc5 40. Kg3 g5 41. Ba4 Bxa4 42. Rxa4 Re5 43. Ra7 Kg6 44. Ra6+ Kg7 45. h4 Rb5 46. Ra4 Re5 47. Ra8 Rb5 48. Re8 Rb4 49. Re5 f6 50. Re7+ Kg8 51. h5 Ra4 52. f3 exf3 53. Kxf3 Ra1 54. Ke4 Rf1 55. Rc7 Rf2 56. Rc1 Kg7 1/2-1/2